El Baix Llobregat vist des de dalt /
Descripción Física:
13 pàgs. ; il. b/n 29 cm.
Colección:
Arrel : revista editada per la Diputació de Barcelona
; Núm. 2 (gener-abril, 1982) ; pàgs. 67-79
Materias:
Baix Llobregat -- Vistes aèries
MARC
| LEADER | 00000nab a2200000 a 4500 | ||
|---|---|---|---|
| 001 | 8160 | ||
| 003 | Arxiu | ||
| 005 | 20260324195724.0 | ||
| 008 | 160829s9999 xx 000 0 cat d | ||
| 100 | |a Puchadas Benito, Josep M. |9 40839 | ||
| 245 | |a El Baix Llobregat vist des de dalt / |c per Josep Maria Puchades | ||
| 260 | |a Barcelona : |b Diputació de Barcelona ; |c 1982 | ||
| 300 | |a 13 pàgs. ; |b il. b/n |c 29 cm. | ||
| 490 | |a Arrel : revista editada per la Diputació de Barcelona ; |v Núm. 2 (gener-abril, 1982) ; pàgs. 67-79 |x 0211-562X | ||
| 650 | |a Baix Llobregat |x Vistes aèries |9 40840 | ||
| 856 | 4 | |u https://media.diba.cat/diba/fitxers/arxiu/hemeroteca/arrel/8160/bib_8160_1981_1984_n02_a09_baixa.pdf |y Accés lliure | |
| 856 | 4 | |u https://media.diba.cat/diba/fitxers/arxiu/hemeroteca/arrel/8160/bib_8160_1981_1984_n02_a09_baixa.pdf |y bib_8160_1981_1984_n02_a09_baixa.pdf | |
| 901 | |a Arxiu | ||
| 942 | |n 1 |2 udc |c Articles de revista | ||
| 952 | |0 0 |1 0 |2 udc |4 0 |6 REV93 |7 1 |9 49928 |a Arxiu |b Arxiu |d 2016-12-01 |o Rev-93 |r 2016-12-01 00:00:00 |w 2016-12-01 |y ARXIU | ||
| 999 | |c 53770 |d 53770 | ||
| 900 | |a bib_8160_1981_1984_n02_a09_baixa.pdf | ||